| 000 | 00458nam a22001817a 4500 | ||
|---|---|---|---|
| 003 | LK-CoDNM | ||
| 005 | 20250121131209.0 | ||
| 008 | 250120b |||||||| |||| 00| 0 eng d | ||
| 040 |
_aLK-CoDNM _dLK-CoDNM _eLK-CoDNM |
||
| 041 | _aeng | ||
| 080 |
_a11 _bV36.1 |
||
| 100 | _aJohnson J. | ||
| 245 | _aJohnson's Note Book For Tea Planters | ||
| 260 |
_aColombo _bCeylon Printers |
||
| 300 | _a601p. : ill , map ; 21 cm | ||
| 650 | _aScience | ||
| 942 | _cBK | ||
| 999 |
_c237177 _d237177 |
||